| 000 | 00599cab a2200217 4500 | ||
|---|---|---|---|
| 001 | W5347 | ||
| 008 | 090401t1993 xxu||||| |||| 00| 0 eng d | ||
| 035 | _a(Sirsi) u71199 | ||
| 041 | _aeng | ||
| 245 | _aDistraint for rent | ||
| 260 | _c1993 | ||
| 350 | _a0 | ||
| 490 |
_aCSW - The Property Week _v44(1) 1 July 1993, 52(1) |
||
| 520 | _aIn "McMullen and Sons v Cerrone" ChD 28 May 1993. | ||
| 650 | _aDISTRESS FOR RENT | ||
| 650 | _aINSOLVENCY ACT 1986 S252(2) | ||
| 650 | _aRENT ARREARS | ||
| 690 | _aLANDLORD AND TENANT-CASE LAW-BUSINESS TENANCIES | ||
| 942 | _n0 | ||
| 948 | _c04/03/1997 | ||
| 999 |
_c44854 _d44854 |
||